Statistiques concernant Culture Générale - Série 1390

Cliquez ici pour prendre le quiz!

Statistiques générales

  • Ce quiz a été pris 79 fois
  • Le résultat moyen est 7 sur 10

Statistiques - réponses

QuestionRéponse% Correct
A quel pays fait référence l'adjectif nippon ?Japon
96%
Combien y a-t-il de milligrammes dans un gramme ?1000
96%
Quel acteur joue le comte Godefroy de Montmirail dans le film : "Les Visiteurs", sorti en 1993 ?Jean Reno
94%
Quels animaux, aux bois aplatis, tirent le traîneau du Père Noël ?rennes
94%
Qui fut le premier président de la Ve République ?Charles de Gaulle
93%
Quel adjectif qualifie un caractère d'imprimerie légèrement penché à droite ?italique
81%
Dans quel sport Frédérick Bousquet a-t-il été sacré vice-champion olympique à Pékin en 2008 ?natation
53%
Comment s'appelle le personnage interprété par Michel Blanc dans le film "Les bronzés font du ski", de Patrice Leconte ?Jean-Claude Dusse
49%
Dans la série télévisée "Clem" quelle actrice interprète le rôle de Caroline Boissier ?Victoria Abril
38%
Quel dessinateur, prénommé René, a créé le personnage du détective privé Jack Palmer ?René Pétillon
13%

Distribution des résultats

Percentile par nombre de réponses

% des personnes avec chaque résultat

Votre développement - résultats

Vous n’avez pas pris ce quiz